Statistics for Longest-Reigning British Monarchs

Click here to take the quiz!

General Stats

  • This quiz has been taken 69 times
  • The average score is 5 of 6

Answer Stats

YearsMonarch% Correct
63Victoria
100%
66Elizabeth II
98%
44Elizabeth I
90%
59George III
82%
56Henry III
64%
50Edward III
62%

Score Distribution

Percentile by Number Answered

Percent of People with Each Score

Your Score History

You have not taken this quiz